| 000 | 00422pab a2200169 454500 | ||
|---|---|---|---|
| 008 | 180718b2013 xxu||||| |||| 00| 0 eng d | ||
| 100 | _aKnudsen, Brian | ||
| 245 | _aWalk and be moved: How walking builds social movements | ||
| 260 | _c2013 | ||
| 300 | _ap.627-651. | ||
| 362 | _aSep | ||
| 650 | _aSocial movements | ||
| 700 | _aClark, Terry N. | ||
| 773 | _aUrban Affairs Review | ||
| 908 | _aN | ||
| 909 | _a101752 | ||
| 999 |
_c101750 _d101750 |
||